000 00477nam a2200181Ia 4500
003 GCL
008 140319s9999 xx 000 0 ara d
040 _aGCL /
_cGCL
082 0 4 _a810.7
_bu ع ا
245 1 0 _aالادب العربى ووجه العصر
260 _a[S.N] :
_bدار الجيل ،
_c1993
300 _a182 ص
490 _a
650 0 4 _aالشعر العربى
650 0 4 _aالادب العربى
650 0 4 _aتاريخ ونقد
942 _2ddc
_cBK
999 _c54884
_d54884